[Event "AUTO-ADV-4809"]
[Site "http://www.queenalice.com/game.php?id=1856594"]
[Date "2025.5.3"]
[Round "2"]
[White "wiktormool"]
[Black "shmurtz91"]
[Result "1-0"]
[WhiteElo "1927"]
[BlackElo "1997"]

1. c4 e5 2. Nc3 c6 3. a3 d5 4. cxd5 cxd5 5. d4 exd4 6. Qxd4 Nf6 7. Bg5 Nbd7 8.
Nxd5 Be7 9. Bxf6 gxf6 10. Nf3 Bc5 11. Qh4 Be7 12. Qh6 Bf8 13. Qf4 Qa5+ 14. Qd2
Qd8 15. e4 Bg7 16. Bb5 O-O 17. Qb4 a5 18. Qd6 Ne5 19. Ne7+ Kh8 20. Rd1 Qxd6 21.
Rxd6 Bg4 22. Nxe5 fxe5 23. O-O f6 24. Nd5 Rac8 25. h3 Bh5 26. g4 Bf7 27. Nxf6
Rc2 28. Nd7 Rd8 29. Rb6 Rxb2 30. a4 Be8 31. Rxb7 Rc8 32. Nb6 Rd8 33. Nd5 Bg6 34.
f3 Rc8 35. Rc7 Rf8 36. Ne7 Bf7 37. Nc6 Bh6 38. Nxe5 Be3+ 39. Kh1 Bb3 40. Nc4 Rc2
41. Rc6 Bf4 42. Nxa5 Rh2+ 43. Kg1 Rxh3 44. Nxb3 Rd8 45. Rc2 Rd6 46. Rc6 Rd3 47.
Bxd3 1-0

[Event "AUTO-ADV-4809"]
[Site "http://www.queenalice.com/game.php?id=1856601"]
[Date "2025.5.3"]
[Round "2"]
[White "wiktormool"]
[Black "Magnaroc"]
[Result "1-0"]
[WhiteElo "1942"]
[BlackElo "1694"]

1. c4 e5 2. Nc3 Nf6 3. a3 Be7 4. h3 O-O 5. Nf3 d6 6. d3 Nc6 7. g3 d5 8. cxd5
Nxd5 9. Bg2 Nxc3 10. bxc3 e4 11. dxe4 1-0

[Event "AUTO-MASTER-3279"]
[Site "http://www.queenalice.com/game.php?id=1862513"]
[Date "2025.9.3"]
[Round "1"]
[White "JailtonMaster"]
[Black "wiktormool"]
[Result "1-0"]
[WhiteElo "2141"]
[BlackElo "1789"]

1. e4 c5 2. Nf3 a6 3. d4 e6 4. c3 cxd4 5. cxd4 Bb4+ 6. Nc3 Nf6 7. Bg5 h6 8. Bh4
g5 9. Bg3 Nxe4 10. Qc2 f5 11. O-O-O Nxc3 12. bxc3 Ba3+ 13. Kb1 Qb6+ 14. Qb3 Qa5
15. Be5 Rg8 16. d5 d6 17. Bxd6 Bxd6 18. dxe6 Be7 19. Nd4 1-0

[Event "AUTO-MASTER-3279"]
[Site "http://www.queenalice.com/game.php?id=1862514"]
[Date "2025.9.3"]
[Round "1"]
[White "wiktormool"]
[Black "JailtonMaster"]
[Result "0-1"]
[WhiteElo "1787"]
[BlackElo "2142"]

1. c4 Nf6 2. Nc3 e6 3. a3 d5 4. e3 Be7 5. h3 O-O 6. Nf3 c5 7. Qc2 d4 8. Ne4 dxe3
9. dxe3 Nc6 10. Be2 Qc7 11. Nfg5 Nxe4 12. Nxe4 a6 13. b3 Rb8 14. Bb2 b5 15. Rd1
f6 16. cxb5 axb5 17. Nxc5 Qb6 18. Bd4 Nxd4 19. exd4 Rd8 0-1

[Event "AUTO-MASTER-3279"]
[Site "http://www.queenalice.com/game.php?id=1862525"]
[Date "2025.9.3"]
[Round "1"]
[White "Fauquinelle"]
[Black "wiktormool"]
[Result "1-0"]
[WhiteElo "2054"]
[BlackElo "1901"]

1. d4 e6 2. Nf3 c5 3. e4 Nc6 4. c3 Qb6 5. Be2 cxd4 6. cxd4 Bb4+ 7. Nc3 Nf6 8.
Qd3 Bxc3+ 9. bxc3 Nh5 10. O-O g6 11. Bh6 Qc7 12. e5 Rg8 13. Ng5 1-0

[Event "AUTO-MASTER-3279"]
[Site "http://www.queenalice.com/game.php?id=1862526"]
[Date "2025.9.3"]
[Round "1"]
[White "wiktormool"]
[Black "Fauquinelle"]
[Result "0-1"]
[WhiteElo "1993"]
[BlackElo "1995"]

1. c4 e5 2. a3 a5 3. Nc3 b6 4. e4 Nf6 5. d3 Nc6 6. Bg5 Be7 7. Nf3 Nd4 8. Nxd4
exd4 9. Bxf6 Bxf6 10. Be2 dxc3 0-1

[Event "AUTO-MASTER-3279"]
[Site "http://www.queenalice.com/game.php?id=1862533"]
[Date "2025.9.3"]
[Round "1"]
[White "wiktormool"]
[Black "chessman"]
[Result "1-0"]
[WhiteElo "1977"]
[BlackElo "1970"]

1. c4 c6 2. Nc3 d5 3. cxd5 cxd5 4. d4 e6 5. Nf3 Nf6 6. e3 a6 7. Qa4+ Bd7 8. Qb3
Qc7 9. Bd2 Nc6 10. Rc1 Be7 11. Bd3 O-O 12. a3 Rac8 13. h3 h6 14. e4 Nxe4 15.
Bxe4 dxe4 16. Nxe4 Rfd8 17. O-O Qb8 18. Nc5 Rc7 19. Bf4 Bxc5 20. Bxc7 Qxc7 21.
dxc5 1-0

[Event "AUTO-MASTER-3279"]
[Site "http://www.queenalice.com/game.php?id=1862534"]
[Date "2025.9.3"]
[Round "1"]
[White "chessman"]
[Black "wiktormool"]
[Result "0-1"]
[WhiteElo "1986"]
[BlackElo "1977"]

1. e4 c5 2. b4 e5 3. bxc5 Bxc5 4. Nf3 Nf6 5. Nxe5 Nxe4 6. Nd3 Qf6 7. Qe2 O-O 8.
c3 d5 9. Nxc5 Nxc5 10. d4 Ne4 11. Be3 Re8 12. Qf3 Qb6 13. Qe2 Bd7 14. Nd2 Nxc3
15. Qh5 Qb2 16. Nb3 Nxa2 17. Qd1 Nc3 0-1

[Event "AUTO-ADV-4891"]
[Site "http://www.queenalice.com/game.php?id=1862708"]
[Date "2025.9.8"]
[Round "1"]
[White "chessman"]
[Black "wiktormool"]
[Result "1-0"]
[WhiteElo "1969"]
[BlackElo "1993"]

1. e4 c5 2. Nf3 Nc6 3. Bb5 Nd4 4. Bc4 e6 5. c3 Nxf3+ 6. Qxf3 a6 7. a4 Qg5 8. O-O
Qe5 9. d4 cxd4 10. Bf4 Qc5 11. Bd3 Nf6 12. cxd4 Qxd4 13. Nc3 h6 14. Rfd1 Qb6 15.
Rdb1 1-0

[Event "AUTO-ADV-4891"]
[Site "http://www.queenalice.com/game.php?id=1862709"]
[Date "2025.9.8"]
[Round "1"]
[White "wiktormool"]
[Black "chessman"]
[Result "0-1"]
[WhiteElo "1976"]
[BlackElo "1986"]

1. c4 c6 2. Nc3 d5 3. cxd5 cxd5 4. d4 e6 5. a3 Nf6 6. Nf3 Be7 7. h3 O-O 8. Bf4
Nc6 9. e3 a6 10. Bd3 Qb6 11. Na4 Qd8 12. Qc2 h6 13. g4 Bd7 14. Ne5 Rc8 15. Nc3
Re8 0-1

[Event "AUTO-ADV-4891"]
[Site "http://www.queenalice.com/game.php?id=1862720"]
[Date "2025.9.8"]
[Round "1"]
[White "EdsonEstevam"]
[Black "wiktormool"]
[Result "1-0"]
[WhiteElo "1783"]
[BlackElo "1836"]

1. e4 c5 2. Nc3 Nc6 3. Bb5 Nd4 4. Nf3 a6 5. Bc4 e6 6. d3 Nf6 7. Bg5 Be7 8. Ne5
h6 9. Bxf6 Bxf6 10. Nf3 b5 11. Bb3 1-0

[Event "AUTO-ADV-4891"]
[Site "http://www.queenalice.com/game.php?id=1862721"]
[Date "2025.9.8"]
[Round "1"]
[White "wiktormool"]
[Black "EdsonEstevam"]
[Result "0-1"]
[WhiteElo "1891"]
[BlackElo "1774"]

1. c4 Nc6 2. Nc3 e6 3. e4 Bb4 4. Nge2 Bxc3 5. Nxc3 Nf6 6. g3 e5 7. d3 Nd4 8. Be3
Nc6 9. Bg2 d6 10. h3 Bd7 0-1